000 01419nam a2200277Ia 4500
999 _c36240
_d36240
001 2143
003 GE_BSU
005 20190517213715.0
008 181216s1983||||ge |||||||||||||| ||geo||
040 _cGE_BSU
041 _ageo
080 _a821.111 ჯ–66
100 _aჯოისი, ჯეიმზ
_91371
245 _aულისე :
_bრომანი : ნაწ. 1 /
_cჯეიმზ ჯოისი ; ინგლ. თარგმნა, წინასიტყვ. და შენიშვნები დაურთო ნიკო ყიასაშვილმა ; საქ. სსრ მხატვ. თარგმანისა და ლიტ. ურთიერთობათა მთ. სარედ. კოლეგია.
260 _aთბილისი
260 _bმერანი
260 _c1988
300 _a462 გვ. ;
_b20 სმ.
490 _aსაყმაწვილო და სახალხო წიგნები ;
_vN2
546 _aპარალელ. თავფურც. ინგლ. ენაზე.
653 _aირლანდიური ლიტერატურა
653 _aირლანდიური პროზა
653 _aირლანდიური რომანი
700 _aყიასაშვილი, ნიკო
_eმთარგმნელი
_91372
942 _cBK
_2udc